=LDR 00000nam 2200000 4500 =001 INLIS000000000038603 =005 20130612144252 =008 ***********************************ind** =035 ##$$a0010-061300000038603 =041 ##$$a ind =082 ##$$a 641.5 =090 ##$$a 641.5, Emi a =100 ##$$a Emir, Threes =245 ##$$a Aneka pasta dan mie untuk snack dan bekal praktis/ Oleh Trees Emir: Editor, Intarina Hardiman =260 ##$$a 2011 $b Jakarta =300 ##$$a 45 hlm., ilus., 24 cm =650 ##$$a Masakan Pasta =700 ##$$a Hardiman, Intarina =850 ##$$a NBPNMAT =990 ##$$a 0001/BPAP-NTB/20142014